Урядовий кур’єр 23 серпня №172 (Record no. 206953)

MARC details
001 - Ідентифікатор запису
Ідентифікатор запису 206953
101 ## - Мова
Мова українська
102 ## - Країна публікації/виробництва
Країна Україна
200 ## - Назва
Назва Урядовий кур’єр 23 серпня №172
210 ## - Місце та час видання
Дата видання 2025
942 ## - Додаткові дані (Коха)
Тип одиниці Газети
000 -Маркер запису
Маркер (контрольне поле довжиною 24 байти) 00340nam 22001453 4500
005 - Ідентифікатор версії
Ідентифікатор версії 20250828120315.0
100 ## - Дані загальної обробки
Дані загальної обробки 20250828 ukry50
801 ## - Джерело походження запису
Код бібліографічного формату unimarc
Країна Україна
Правила каталогізації psbo
Holdings
Джерельне місце зберігання Поточне місце зберігання чи видачі Тип одиниці (рівень примірника) <br/>&nbsp; Штрих-код Джерело класифікації чи схема поличного розташування Дата внесення в Коха Стан списання <br/>&nbsp;<br/>&nbsp; Стан обігу (не для випожичання) Стан пошкодження Стан втрати/відсутності Дата, коли останній раз бачено примірник Дата останнього редагування примірника
Читальний зал Читальний зал Газети 2025/172УрядКур Універсальна десяткова класифікація (УДК) 28/08/2025         28/08/2025 2025-08-28 12:03:38

Powered by Koha